Normal view
MARC view
Entry Personal Name
001 - CONTROL NUMBER
- control field: 1072550
003 - CONTROL NUMBER IDENTIFIER
- control field: OSt
005 - DATE AND TIME OF LATEST TRANSACTION
- control field: 20260121171136.0
008 - FIXED-LENGTH DATA ELEMENTS
- fixed length control field: 260121|| aca||aabn | a|a d
040 ## - CATALOGING SOURCE
- Original cataloging agency: OSt
- Transcribing agency: OSt
100 ## - HEADING--PERSONAL NAME
- Personal name: Mü?tak E. Yalç?n, Tuba Ayhan, Ramazan Yeniçeri
670 ## - SOURCE DATA FOUND
- Source citation: Work cat.: (OSt)1638280: Mü?tak E. Yalç?n, Tuba Ayhan, Ramazan Yeniçeri, Reconfigurable Cellular Neural Networks and Their Applications
